00469nam a2200193Ia 4500003000900000008004100009040001300050040001300063041000800076245005900084250001000143260002500153260000900178300001100187300001200198490003500210490000600245710002400251IT-RoPAU120407s9999 xx 000 0 und d aIT-RoPAU cIT-RoPAU aita aComunità€. Casa Generalizia della Soc. S. Paolo,1982. aRoma  aCasa Generalizia SSP c1982 a124 p. c21,5 cm a(S. Paolo Studi /Ricerche, 4). v1 aSocietà€ San Paolo